<?xml version="1.0" encoding="UTF-8"?>
<collection xmlns="http://www.loc.gov/MARC21/slim">
 <record>
  <leader>01211nam a2200289 a 4500</leader>
  <controlfield tag="001">15646244</controlfield>
  <controlfield tag="008">110111s2008    it ab         000 0 eng d</controlfield>
  <datafield tag="999" ind1=" " ind2=" ">
   <subfield code="c">10321</subfield>
   <subfield code="d">10321</subfield>
  </datafield>
  <datafield tag="010" ind1=" " ind2=" ">
   <subfield code="a">  2009275944</subfield>
  </datafield>
  <datafield tag="020" ind1=" " ind2=" ">
   <subfield code="a">9788861303027 (pbk.)</subfield>
  </datafield>
  <datafield tag="020" ind1=" " ind2=" ">
   <subfield code="a">8861303021 (pbk.)</subfield>
  </datafield>
  <datafield tag="040" ind1=" " ind2=" ">
   <subfield code="a">UKM</subfield>
   <subfield code="c">PUL</subfield>
   <subfield code="d">UKM</subfield>
   <subfield code="d">BTCTA</subfield>
   <subfield code="d">BAKER</subfield>
   <subfield code="d">YDXCP</subfield>
   <subfield code="d">BWX</subfield>
   <subfield code="d">AU@</subfield>
   <subfield code="d">C3L</subfield>
   <subfield code="d">DLC</subfield>
   <subfield code="d">BD-DhAAL</subfield>
  </datafield>
  <datafield tag="042" ind1=" " ind2=" ">
   <subfield code="a">pcc</subfield>
  </datafield>
  <datafield tag="082" ind1="0" ind2="0">
   <subfield code="a">720.951156</subfield>
   <subfield code="2">22</subfield>
  </datafield>
  <datafield tag="100" ind1="1" ind2=" ">
   <subfield code="a">Greco, Claudio,</subfield>
   <subfield code="d">1955-</subfield>
   <subfield code="9">32075</subfield>
  </datafield>
  <datafield tag="245" ind1="1" ind2="0">
   <subfield code="a">Beijing :</subfield>
   <subfield code="b">the new city /</subfield>
   <subfield code="c">Claudio Greco, Carlo Santoro.</subfield>
  </datafield>
  <datafield tag="250" ind1=" " ind2=" ">
   <subfield code="a">1st ed.</subfield>
  </datafield>
  <datafield tag="260" ind1=" " ind2=" ">
   <subfield code="a">Milano :</subfield>
   <subfield code="b">Skira ;</subfield>
   <subfield code="a">New York :</subfield>
   <subfield code="b">Distributed in North America by Rizzoli International Publications,</subfield>
   <subfield code="c">2008.</subfield>
  </datafield>
  <datafield tag="300" ind1=" " ind2=" ">
   <subfield code="a">272 p. :</subfield>
   <subfield code="b">ill. (chiefly col.), maps (chiefly col.) ;</subfield>
   <subfield code="c">21 cm.</subfield>
  </datafield>
  <datafield tag="526" ind1=" " ind2=" ">
   <subfield code="a">ARC</subfield>
  </datafield>
  <datafield tag="541" ind1=" " ind2="1">
   <subfield code="e">00021671</subfield>
  </datafield>
  <datafield tag="650" ind1=" " ind2="0">
   <subfield code="a">Architecture</subfield>
   <subfield code="z">China</subfield>
   <subfield code="z">Beijing.</subfield>
   <subfield code="9">32076</subfield>
  </datafield>
  <datafield tag="651" ind1=" " ind2="0">
   <subfield code="a">Beijing (China)</subfield>
   <subfield code="x">Buildings, structures, etc.</subfield>
   <subfield code="9">32077</subfield>
  </datafield>
  <datafield tag="700" ind1="1" ind2=" ">
   <subfield code="a">Santoro, Carlo,</subfield>
   <subfield code="d">1976-</subfield>
   <subfield code="9">32078</subfield>
  </datafield>
  <datafield tag="852" ind1=" " ind2=" ">
   <subfield code="a">Ayesha Abed library</subfield>
   <subfield code="c">General Shelf.</subfield>
  </datafield>
  <datafield tag="942" ind1=" " ind2=" ">
   <subfield code="2">ddc</subfield>
   <subfield code="c">BK</subfield>
  </datafield>
  <datafield tag="952" ind1=" " ind2=" ">
   <subfield code="0">0</subfield>
   <subfield code="1">0</subfield>
   <subfield code="2">ddc</subfield>
   <subfield code="4">0</subfield>
   <subfield code="6">720_951156000000000_GRE</subfield>
   <subfield code="7">0</subfield>
   <subfield code="9">13910</subfield>
   <subfield code="a">BRACUL</subfield>
   <subfield code="b">BRACUL</subfield>
   <subfield code="c">GEN</subfield>
   <subfield code="d">2011-01-16</subfield>
   <subfield code="e">Zeenat Book Supply Ltd.</subfield>
   <subfield code="g">2860.00</subfield>
   <subfield code="l">6</subfield>
   <subfield code="m">5</subfield>
   <subfield code="o">720.951156 GRE</subfield>
   <subfield code="p">3010021671</subfield>
   <subfield code="q">2026-07-30</subfield>
   <subfield code="r">2026-04-01</subfield>
   <subfield code="s">2026-04-01</subfield>
   <subfield code="t">1</subfield>
   <subfield code="w">2011-01-16</subfield>
   <subfield code="y">BK</subfield>
  </datafield>
 </record>
</collection>
